[Event "Moscow-B"]
[Site "Moscow"]
[Date "1988.??.??"]
[Round "?"]
[White "Danailov, Silvio"]
[Black "Sorokin, Maxim"]
[Result "1/2-1/2"]
[WhiteElo "2415"]
[BlackElo "2390"]

1.Nf3 Nf6 2.c4 c6 3.d4 d5 4.Nc3 e6 5.e3 Nbd7 6.Bd3 dxc4 7.Bxc4 b5 8.Bd3 a6
9.e4 c5 10.e5 cxd4 11.Nxb5 axb5 12.exf6 Qb6 13.fxg7 Bxg7 14.O-O O-O 15.Re1 Bb7
16.Bf4 Nc5 17.Bxh7+ Kxh7 18.Ng5+ Kg6 19.Qg4 f5 20.Qg3 Bf6 21.b4 e5 22.Nf3+ Kf7
23.bxc5 exf4 24.Qh3 Rh8 25.Qxh8 Rxh8 26.cxb6 Rg8 27.Kf1 Be4 28.Red1 Bd5 29.a4 Bc4+
30.Kg1 Bd5 31.Kf1 Bc4+ 32.Kg1 Bd5 33.Ne1 b4 34.a5 d3 35.Rab1 Bc3 36.f3 d2
37.Nd3 Bxf3 38.Rxd2 Be4 39.Rbd1 Bxd2 40.Rxd2 Ra8 41.Nxb4 Rxa5 42.Rb2 Ra1+
43.Kf2 Rh1 44.Nc6 Bxc6 45.b7 Bxb7 46.Rxb7+ Kg6 47.h3 Ra1 48.Kf3 Rf1+ 49.Ke2 Rg1
50.Kf2 Ra1 51.Kf3 Rf1+ 52.Ke2 Rg1  1/2-1/2

[Event "Moscow-B"]
[Site "Moscow"]
[Date "1988.??.??"]
[Round "?"]
[White "Chekhov, Valery A"]
[Black "Sorokin, Maxim"]
[Result "1-0"]
[WhiteElo "2480"]
[BlackElo "2390"]

1.c4 e6 2.Nc3 d5 3.d4 c6 4.Nf3 Nf6 5.e3 Nbd7 6.Bd3 Bb4 7.a3 Bd6 8.O-O O-O
9.e4 dxe4 10.Nxe4 Nxe4 11.Bxe4 e5 12.dxe5 Nxe5 13.Nxe5 Bxe5 14.Bxh7+ Kxh7
15.Qh5+ Kg8 16.Qxe5 Qd3 17.c5 Be6 18.Bf4 Rfd8 19.Rfe1 Qd5 20.Qe3 Qd3 21.Bd6 Qxe3
22.fxe3 Re8 23.e4 f6 24.Kf2 Bf7 25.Kf3 Re6 26.Re3 Rae8 27.Rae1 b5 28.h4 f5
29.exf5 Rxe3+ 30.Rxe3 Bd5+ 31.Kf4 Rxe3 32.Kxe3 Bxg2 33.Bc7 b4 34.a4 Bd5 35.Kd4 a5
36.Bxa5 Bb3 37.Bxb4 Bxa4 38.Ke5 Kf7 39.h5 Ke7 40.Kf4 Bd1 41.Kg5 Kf7 42.Bc3 Bb3
43.Be5 Kf8 44.Bg3 Kf7 45.Bd6 Ke8 46.Bg3 Kf7 47.Bh4 Ke8 48.Kf4 Bd1 49.Kg5 Bb3
50.Bf2 Kf7 51.Bd4 Kf8 52.Bxg7+ Kxg7 53.f6+ Kh7 54.Kf5 Kh6 55.Ke5 Kxh5 56.Kd6 Kg5
57.Kxc6 Kxf6 58.Kd6 Kg6 59.c6 Kf7 60.c7 Be6 61.b4  1-0

[Event "Moscow-B"]
[Site "Moscow"]
[Date "1988.??.??"]
[Round "?"]
[White "Arkhipov, Sergey"]
[Black "Sorokin, Maxim"]
[Result "1/2-1/2"]
[WhiteElo "2460"]
[BlackElo "2390"]

1.c4 e6 2.Nc3 d5 3.d4 c6 4.Nf3 Nf6 5.e3 Nbd7 6.Bd3 Bb4 7.a3 Bd6 8.e4 dxe4
9.Nxe4 Nxe4 10.Bxe4 O-O 11.O-O e5 12.dxe5 Nxe5 13.Nxe5 Bxe5 14.Bxh7+ Kxh7
15.Qh5+ Kg8 16.Qxe5 Qd3 17.c5 Be6 18.Bf4 Rfd8 19.Rfe1 Qd5 20.Qe3 Qd3 21.Bd6 Qxe3
22.Rxe3 Re8 23.f3 Bd5 24.Rae1 Re6 25.Rxe6 Bxe6 26.Re4 b5 27.a4 a6 28.a5 Re8
29.Kf2 f6 30.h4 Kf7 31.Rd4 Rh8 32.Re4 Re8 33.Re2 Rh8 34.g3 g5 35.hxg5 Rh2+
36.Ke3 Rxe2+ 37.Kxe2 fxg5 38.b4 g4 39.Ke3 gxf3 40.Kxf3 Bb3 41.Kf4 Ke6 42.Be5 Bc2
43.Bc3 Bb1 44.Kg5 Bc2 45.Kh6 Kf7 46.Kg5 Ke6 47.Kh5 Bd3 48.Kh6 Kf7 49.g4 Bc2  1/2-1/2

[Event "Moscow-A"]
[Site "Moscow"]
[Date "1988.??.??"]
[Round "?"]
[White "Razuvaev, Yuri S"]
[Black "Kaidanov, Grigory S"]
[Result "1/2-1/2"]
[WhiteElo "2535"]
[BlackElo "2535"]

1.d4 d5 2.c4 e6 3.Nc3 c6 4.e3 Nf6 5.Nf3 Nbd7 6.Bd3 dxc4 7.Bxc4 b5 8.Bd3 Bb7
9.e4 b4 10.Na4 c5 11.e5 Nd5 12.dxc5 Bxc5 13.Nxc5 Nxc5 14.Bb5+ Ke7 15.Qd4 Qb6
16.Be2 h6 17.Nd2 Nd7 18.Qxb6 axb6 19.Nc4 b3 20.a3 Ra4 21.Bd2 Ba6 22.Ne3 Bxe2
23.Kxe2 Nxe3 24.fxe3 Rc8 25.Bb4+  1/2-1/2

[Event "Muenster ELO"]
[Site "Muenster"]
[Date "1988.??.??"]
[Round "3"]
[White "Stoeckmann, Helmut"]
[Black "Buecker, Peter"]
[Result "1/2-1/2"]
[WhiteElo "2265"]
[BlackElo "2290"]

1.c4 e6 2.Nf3 d5 3.d4 c6 4.Nc3 Nf6 5.e3 Nbd7 6.Bd3 dxc4 7.Bxc4 b5 8.Bd3 Bb7
9.O-O a6 10.Qe2 c5 11.Rd1 Qb6 12.b3 Be7 13.Bb2 Rc8 14.Ne5 O-O 15.Nxd7 Nxd7
16.Be4 Nf6 17.Bxb7 Qxb7 18.dxc5 Rxc5 19.Rd2 Rfc8 20.Qd3 b4 21.Na4 Rd5 22.Qe2 Qb5
23.Qe1 Rcd8 24.Rad1 Rd3 25.Rxd3 Rxd3 26.Rxd3 Qxd3 27.Qf1 Qc2 28.Qc1 Qxc1+
29.Bxc1 Nd5 30.Kf1 f5 31.Bb2 Kf7  1/2-1/2

[Event "Muenster ELO"]
[Site "Muenster"]
[Date "1988.??.??"]
[Round "5"]
[White "Von Hartlieb, Justus"]
[Black "Buecker, Peter"]
[Result "0-1"]
[WhiteElo "2290"]
[BlackElo "2290"]

1.Nf3 d5 2.d4 e6 3.c4 Nf6 4.Nc3 c6 5.e3 Nbd7 6.Qc2 Bd6 7.Bd2 O-O 8.O-O-O c5
9.cxd5 exd5 10.Be1 c4 11.g4 Nb6 12.h3 a6 13.Bg2 Re8 14.Bd2 Bd7 15.Ng1 Ne4
16.Bxe4 dxe4 17.Nge2 Bc6 18.Rdg1 Nd5 19.Nxd5 Bxd5 20.Nc3 Bf8 21.f3 exf3 22.e4 Bc6
23.d5 Bd7 24.Rf1 Bd6 25.Rxf3 b5 26.Ne2 Qe7 27.Rhf1 f6 28.g5 fxg5 29.Rf7 Rf8
30.Rxe7 Rxf1+ 31.Be1 Rxe1+ 32.Kd2 Rxe2+ 33.Kxe2 Bxe7 34.e5 Rf8 35.d6 Bd8
36.Qe4 Re8 37.Qd5+ Kf8 38.Qf3+ Bf6 39.Kd2 Rxe5 40.Qa8+ Kf7 41.Qxa6 Rd5+ 42.Ke1 Be5  0-1

[Event "Muenster ELO"]
[Site "Muenster"]
[Date "1988.??.??"]
[Round "7"]
[White "Wiemer, Ralf"]
[Black "Thesing, Matthias"]
[Result "1/2-1/2"]
[WhiteElo "2285"]
[BlackElo "2345"]

1.c4 e6 2.Nf3 Nf6 3.d4 d5 4.Nc3 c6 5.e3 Nbd7 6.Bd3 dxc4 7.Bxc4 b5 8.Be2 Bb7
9.O-O a6 10.e4 c5 11.e5 Nd5 12.a4 b4 13.Ne4 Ne3 14.Bxe3 Bxe4 15.Ng5 Bg6 16.d5 Nxe5
17.dxe6 f6 18.Nf3 Nc6 19.Rc1 Qxd1 20.Rfxd1 Na5 21.Nd2 Bf5 22.Bxc5 Bxe6 23.Bf3 Rc8
24.Bb6 Rxc1 25.Rxc1 Nb3 26.Nxb3 Bxb3 27.Rc8+ Kf7 28.Be2 Bxa4 29.Bc4+ Kg6
30.Bc5 Bxc5 31.Rxh8 Bc2 32.Bxa6 Bd4 33.Rb8 Bxb2 34.Rxb4 Be5 35.Bb7 f5 36.g3 Bf6
37.Kg2 Bd3 38.Bd5 h5 39.Bf3 Kh6 40.Rb8 g6 41.Rb7 h4 42.Rf7 Bg5 43.Bd5 hxg3
44.fxg3 Bc1 45.Rc7 Bb2 46.h4 Be5 47.Re7 Bf6 48.Rf7 Be5 49.Rb7 Bf6 50.Kf3 Bc2
51.Rc7 Bd1+ 52.Kf4 Bg4 53.Rc6 Bd8 54.Ke5 Ba5 55.Kf6 Bh5 56.Rc8 Kh7 57.Bg8+ Kh6
58.Be6 Kh7 59.Bg8+ Kh8 60.Be6+ Kh7 61.Bf7 Bb6 62.Rc4 Bd8+ 63.Ke5 Kg7 64.Bd5 Ba5
65.Rc8 Be1 66.Rc7+ Kh6 67.Kf4 Bd2+  1/2-1/2

[Event "URS-chT"]
[Site "Naberezhnie Chelni"]
[Date "1988.??.??"]
[Round "?"]
[White "Bareev, Evgeny"]
[Black "Shabalov, Alexander"]
[Result "1/2-1/2"]
[WhiteElo "2550"]
[BlackElo "2430"]

1.d4 d5 2.c4 c6 3.Nf3 e6 4.Nc3 Nf6 5.e3 Nbd7 6.Qc2 Bd6 7.Be2 O-O 8.O-O Re8
9.Rd1 Qe7 10.h3 h6 11.a3 dxc4 12.Bxc4 e5 13.Nh4 Nf8 14.dxe5 Bxe5 15.Nf3 Bc7
16.b4 N6h7 17.Bf1  1/2-1/2

[Event "URS-chT"]
[Site "Naberezhnie Chelni"]
[Date "1988.??.??"]
[Round "?"]
[White "Kishnev, Sergey"]
[Black "Smagin, Sergey"]
[Result "1/2-1/2"]
[WhiteElo "2375"]
[BlackElo "2550"]

1.d4 Nf6 2.c4 e6 3.Nf3 d5 4.Nc3 c6 5.e3 Nbd7 6.Bd3 dxc4 7.Bxc4 b5 8.Bd3 Bb7
9.O-O Rc8 10.a3 a6 11.e4 c5 12.d5 c4 13.Bc2 e5 14.Bg5 Bc5 15.Kh1 O-O 16.Qd2 Qb6
17.Nh4 Ne8 18.Nf5 f6 19.Be3 Bxe3 20.fxe3 Kh8 21.h4 g6 22.Ng3 h5 23.Nge2 Nc5
24.Ng1 Rc7 25.Nf3 Rcf7 26.Qf2 Bc8 27.Nd2 Nd6 28.Rab1 Rc7 29.Qg3 Kh7 30.Nd1 a5
31.Nf2 Nf7 32.Bd1 Nb7 33.Be2 Nfd6 34.Rbc1 Nc5 35.Rc2 Rff7 36.Qh2 Na4 37.Nd1 Nxb2
38.Rxb2 c3 39.Nxc3 Rxc3 40.Bxb5 Rxa3 41.Rfb1 Qxe3 42.Qg1 Qg3 43.Qc5 Nxb5
44.Qxc8 Qxh4+ 45.Kg1 Nd4 46.Rb7 Ne2+ 47.Kf1 Ng3+ 48.Kg1 Ne2+ 49.Kf1  1/2-1/2

[Event "Naestved op"]
[Site "Naestved"]
[Date "1988.??.??"]
[Round "?"]
[White "Halasz, Tamas"]
[Black "Balzar, Andreas"]
[Result "1/2-1/2"]
[WhiteElo "2405"]
[BlackElo "2260"]

1.d4 d5 2.c4 e6 3.Nc3 Nf6 4.Nf3 c6 5.e3 Nbd7 6.Bd3 dxc4 7.Bxc4 b5 8.Bd3 a6
9.e4 c5 10.e5 cxd4 11.Nxb5 Nxe5 12.Nxe5 axb5 13.Bxb5+ Bd7 14.Nxd7 Qa5+ 15.Bd2 Qxb5
16.Nxf8 Kxf8 17.a4 Qxb2 18.O-O h5 19.Rb1 Qa2 20.Rb7 Kg8 21.Bf4 Qxa4 22.Rb8+ Kh7
23.Qd3+ g6 24.Rxh8+ Rxh8 25.Be5 Nd5 26.Bxh8 Kxh8 27.Re1 Nc3 28.h4 Qd7 29.Rc1 Qd5
30.f4 Kg7 31.Rc2 Qe4 32.Qxe4 Nxe4 33.Rc4 Ng3 34.Kf2 Nf5 35.g3 Kf6 36.Kf3 Ke7
37.Rc7+ Kf6 38.Ra7 Kg7 39.Ra3 Kf6 40.Rd3 Ke7 41.Ke4 Kd6 42.Ra3 Kc5 43.Ra7 Nxg3+
44.Kd3 Nf5 45.Rxf7 Nxh4 46.Ke4 Nf5 47.Rf6 h4 48.Rxe6 h3 49.Kf3 d3 50.Re8 h2
51.Rc8+ Kd5 52.Rd8+ Ke6 53.Re8+ Kf7 54.Re1 d2 55.Ra1 Ke6 56.Rd1 Ke7 57.Kf2 Ke6
58.Kf3 Ke7 59.Kf2  1/2-1/2

[Event "Nassau-ch"]
[Site "Nassau"]
[Date "1988.??.??"]
[Round "3"]
[White "Bonin, Jay R"]
[Black "Braun, Leslie"]
[Result "1/2-1/2"]
[WhiteElo "2385"]
[BlackElo "2300"]

1.c4 e6 2.Nc3 d5 3.d4 c6 4.e3 Nf6 5.Nf3 Nbd7 6.Qc2 Bd6 7.Be2 O-O 8.O-O b6
9.e4 dxe4 10.Nxe4 Nxe4 11.Qxe4 Bb7 12.Bg5 Qc7 13.Bd3 g6 14.Rae1 Rfe8 15.Qh4 Bf8
16.Re3 Bg7 17.Rfe1 f6 18.Bf4 Qd8 19.Rxe6 Rxe6 20.Rxe6 Nf8 21.Re3 g5 22.Nxg5 fxg5
23.Bxg5 Qxd4 24.Qh5  1/2-1/2

[Event "Nassau-ch"]
[Site "Nassau"]
[Date "1988.??.??"]
[Round "9"]
[White "Bonin, Jay R"]
[Black "Weldon, Charles"]
[Result "1-0"]
[WhiteElo "2385"]
[BlackElo "2275"]

1.c4 e6 2.Nf3 Nf6 3.Nc3 d5 4.d4 c6 5.e3 Nbd7 6.Qc2 Bd6 7.Be2 O-O 8.O-O dxc4
9.Bxc4 e5 10.h3 exd4 11.exd4 Nb6 12.Bb3 Nbd5 13.Bg5 Be6 14.Rae1 Nb4 15.Qd1 Bxb3
16.Qxb3 h6 17.Bxf6 gxf6 18.Nh4 Qd7 19.Ne4 Qd8 20.Nf5  1-0

[Event "New York op"]
[Site "New York"]
[Date "1988.??.??"]
[Round "?"]
[White "Chernin, Alexander"]
[Black "Drasko, Milan"]
[Result "1-0"]
[WhiteElo "2560"]
[BlackElo "2465"]

1.c4 c6 2.d4 d5 3.e3 e6 4.Nc3 Nf6 5.Nf3 Nbd7 6.Bd3 Bb4 7.O-O O-O 8.Bd2 Qe7
9.Qc2 h6 10.h3 Rd8 11.Rad1 b6 12.e4 Bxc3 13.Bxc3 dxe4 14.Bxe4 Nxe4 15.Qxe4 Ba6
16.b3 Rac8 17.Rfe1 b5 18.Ba5 Re8 19.c5 Nf6 20.Qc2 Nd5 21.a3 Qf6 22.Re5 Rb8
23.Qd2 Bc8 24.Rde1 Qg6 25.Nh4 Qh7 26.Nf5 f6 27.Rxd5 cxd5 28.Nd6 Rf8 29.c6 Ba6
30.Qc3 e5 31.c7 Ra8 32.dxe5 fxe5  1-0

[Event "NRW-ch"]
[Site "Nordwalde"]
[Date "1988.??.??"]
[Round "10"]
[White "Serrer, Christoph"]
[Black "Balzar, Andreas"]
[Result "1/2-1/2"]
[WhiteElo "2270"]
[BlackElo "2365"]

1.Nf3 d5 2.d4 Nf6 3.c4 e6 4.Nc3 c6 5.e3 Nbd7 6.Qc2 Bd6 7.Be2 O-O 8.O-O Qe7
9.e4 dxe4 10.Nxe4 Nxe4 11.Qxe4 e5 12.dxe5  1/2-1/2

[Event "Oakham YM"]
[Site "Oakham"]
[Date "1988.??.??"]
[Round "?"]
[White "Sokolov, Ivan"]
[Black "Thorhallsson, Throstur"]
[Result "1-0"]
[WhiteElo "2545"]
[BlackElo "2415"]

1.d4 d5 2.c4 c6 3.Nc3 Nf6 4.e3 e6 5.Nf3 Nbd7 6.Bd3 dxc4 7.Bxc4 b5 8.Bb3 a6
9.e4 c5 10.e5 cxd4 11.Qxd4 Bc5 12.Qh4 Ng8 13.Bg5 Qc7 14.O-O Ne7 15.Ne4 Nf5
16.Qh5 Qb6 17.Rad1 g6 18.Qg4 Bb7 19.Bf6 Rg8 20.Nfg5 Qc6 21.Rfe1 h6 22.Nxf7 Nxf6
23.exf6 Kxf7 24.Nxc5 Qxc5 25.Rd7+ Kf8  1-0

[Event "Oakham YM"]
[Site "Oakham"]
[Date "1988.??.??"]
[Round "?"]
[White "Flear, Christine"]
[Black "Trabert, Bettina"]
[Result "0-1"]
[WhiteElo "2185"]
[BlackElo "2230"]

1.d4 d5 2.c4 e6 3.Nc3 c6 4.e3 Nf6 5.Nf3 Nbd7 6.Bd3 Bd6 7.O-O O-O 8.e4 dxc4
9.Bxc4 e5 10.Bg5 h6 11.Bxf6 Qxf6 12.d5 Nb6 13.Bb3 Bg4 14.dxc6 bxc6 15.h3 Bh5
16.Qe2 Rfd8 17.Rfd1 Bc5 18.Rac1 Bd4 19.Rd3 Rd6 20.Rcd1 Rad8 21.g4 Bg6 22.Kg2 Nd7
23.Ne1 Nc5 24.Rf3 Qg5 25.Qc4 Ne6 26.Nd3 R8d7 27.Kg3 h5 28.Rf5 Bxf5 29.exf5 Nc5
30.Kg2 hxg4 31.h4 Qxf5  0-1

[Event "Oakham House"]
[Site "Oakham"]
[Date "1988.??.??"]
[Round "1"]
[White "Nickoloff, Bryon"]
[Black "Fuster, Geza"]
[Result "1-0"]
[WhiteElo "2390"]
[BlackElo "2235"]

1.c4 c6 2.d4 d5 3.Nc3 Nf6 4.e3 e6 5.Nf3 Nbd7 6.Bd3 a6 7.e4 dxe4 8.Nxe4 c5
9.dxc5 Nxe4 10.Bxe4 Nxc5 11.Qxd8+ Kxd8 12.Bc2 f6 13.b4 Nd7 14.a3 e5 15.c5 a5
16.Rb1 Be7 17.Nd2 axb4 18.axb4 b5 19.Bd3 Rb8 20.Ne4 f5 21.Nc3 e4 22.Be2 Bf6
23.Nxb5 Ne5 24.Nd6 Ke7 25.b5 Be6 26.O-O Ra8 27.Rd1 Ra5 28.Kf1 Rd8 29.Be3  1-0

[Event "Oakham House"]
[Site "Oakham"]
[Date "1988.??.??"]
[Round "3"]
[White "Nickoloff, Bryon"]
[Black "O'Donnell, Tom"]
[Result "1/2-1/2"]
[WhiteElo "2390"]
[BlackElo "2340"]

1.d4 d5 2.c4 e6 3.Nf3 c6 4.e3 Nf6 5.Nc3 Nbd7 6.Bd3 dxc4 7.Bxc4 b5 8.Bd3 a6
9.e4 c5 10.e5 cxd4 11.Nxb5 Nxe5 12.Nxe5 axb5 13.Bxb5+ Bd7 14.Nxd7 Qa5+ 15.Bd2 Qxb5
16.Nxf8 Kxf8 17.a4 Qxb2 18.O-O h5 19.Bf4 Kg8 20.Qd3 Qc3 21.Rfd1 Nd5 22.Qe4 d3
23.Be5 Qc2 24.Rxd3 Rxa4 25.Qxa4 Qxd3 26.Qe8+ Kh7 27.Qxf7 Qg6 28.Qb7 Rf8 29.h3 Rf5  1/2-1/2

[Event "Oakham House"]
[Site "Oakham"]
[Date "1988.??.??"]
[Round "3"]
[White "Chow, Albert"]
[Black "Stopa, Johan Russell"]
[Result "1-0"]
[WhiteElo "2305"]
[BlackElo "2290"]

1.Nf3 d5 2.c4 c6 3.d4 Nf6 4.Nc3 e6 5.e3 Nbd7 6.Qc2 Bd6 7.e4 dxe4 8.Nxe4 Nxe4
9.Qxe4 e5 10.dxe5 Nxe5 11.c5 Bc7 12.Nxe5 Qe7 13.f4 f6 14.Bc4 fxe5 15.O-O Be6
16.Bxe6 Qxe6 17.fxe5 O-O-O 18.Bf4 Rd5 19.b4 h6 20.Rae1 Rhd8 21.a3 a5 22.Bg3 axb4
23.axb4 Rd4 24.Qh7 Rxb4 25.Qxg7 Rb2 26.Bh4 Re8 27.Rf8 b6 28.Rxe8+ Qxe8 29.e6 Qh5
30.e7 Bxh2+ 31.Kh1 Be5 32.e8=Q+ Qxe8 33.Rxe5  1-0

[Event "Oakham House"]
[Site "Oakham"]
[Date "1988.??.??"]
[Round "5"]
[White "Taylor, Gordon"]
[Black "O'Donnell, Tom"]
[Result "1/2-1/2"]
[WhiteElo "2335"]
[BlackElo "2340"]

1.d4 d5 2.c4 e6 3.Nc3 c6 4.Nf3 Nf6 5.e3 Nbd7 6.Bd3 dxc4 7.Bxc4 b5 8.Bd3 Bb7
9.e4 b4 10.Na4 c5 11.e5 Nd5 12.O-O cxd4 13.Re1 g6 14.Bg5 Qa5 15.Nxd4 a6 16.a3 Bg7
17.axb4 Qxb4 18.Nc2 Qf8 19.Nc3 Nxc3 20.bxc3 Qc5 21.Rb1 Bc6  1/2-1/2

[Event "Oslo"]
[Site "Oslo"]
[Date "1988.??.??"]
[Round "?"]
[White "Tisdall, Jonathan D"]
[Black "Haugli, Petter"]
[Result "1-0"]
[WhiteElo "2425"]
[BlackElo "2350"]

1.Nf3 Nf6 2.c4 e6 3.Nc3 d5 4.d4 c6 5.e3 Nbd7 6.Qc2 Bd6 7.Be2 O-O 8.O-O dxc4
9.Bxc4 e5 10.Bb3 Qe7 11.Bd2 e4 12.Ng5 Bxh2+ 13.Kxh2 Ng4+ 14.Kg1 Qxg5 15.Qxe4 Ndf6
16.Qf4 Qxf4 17.exf4 Be6 18.f3 Nh6 19.g4 Nd5 20.f5 Nxc3 21.bxc3 Bxb3 22.axb3 Rfe8
23.Kf2 f6 24.Bxh6 gxh6 25.Rh1 Kg7 26.Rh5 Re7 27.Rah1 Rae8 28.Rxh6 Re2+ 29.Kg3 Rh8
30.g5 fxg5 31.f6+ Kf7 32.Rxh7+ Rxh7 33.Rxh7+ Kxf6 34.Rxb7 Re3 35.c4 Ke6 36.c5 Rd3
37.Rc7 Rxd4 38.Rxc6+ Kd5 39.Rc8 Rf4 40.c6 Kd6 41.c7 Kd7 42.Ra8 Kxc7 43.Rxa7+ Kc6
44.Ra4 Rf5 45.Re4 Rb5 46.b4 Kd5 47.Kg4 Kd6 48.Kh5 Rf5 49.Re3 Rb5 50.Rb3 Kd5
51.Rb1 Kd4 52.Re1 Rf5 53.Re4+ Kd3 54.Kg4 Rb5 55.Re6 Kd4 56.Rg6 Ke3 57.Rxg5 Rxb4+
58.Kg3 Rb8 59.f4 Rf8 60.Re5+ Kd4 61.Kg4 Rg8+ 62.Rg5 Re8 63.Rg6 Ke4 64.f5 Ke5
65.Kg5  1-0

[Event "Pau op"]
[Site "Pau"]
[Date "1988.??.??"]
[Round "7"]
[White "Sahovic, Dragutin"]
[Black "Vera, Reynaldo"]
[Result "1-0"]
[WhiteElo "2460"]
[BlackElo "2455"]

1.d4 Nf6 2.Nf3 d5 3.c4 e6 4.Nc3 c6 5.e3 Nbd7 6.Bd3 dxc4 7.Bxc4 b5 8.Bd3 a6
9.e4 c5 10.e5 cxd4 11.Nxb5 Nxe5 12.Nxe5 axb5 13.O-O Qd5 14.Qe2 Ba6 15.a4 Bd6
16.axb5 Bb7 17.Rxa8+ Bxa8 18.f4 O-O 19.Re1 Bb4 20.Bd2 Bxd2 21.Qxd2 Rc8 22.h3 g6
23.Kh2 Qd6 24.Rc1 Rxc1 25.Qxc1 Bb7 26.Be2 Kg7 27.b4 Ne4 28.Qc4 g5 29.g3 gxf4
30.gxf4 f6 31.Nd3 Kf8 32.Bg4 Ke7 33.Kg1 f5 34.Be2 Qd8 35.Kh2 Qd6 36.Ne5 Kf6
37.Bd3 Nf2 38.Be2 Be4 39.Kg3 Nh1+ 40.Kh2 Nf2 41.Qc8 Kg7 42.b6 d3 43.Qc7+ Qxc7
44.bxc7 Bb7 45.Bxd3 Kf6 46.Bb5 Ne4 47.Bc6 Bc8 48.Bxe4 fxe4 49.Nc4  1-0

[Event "Rubinstein mem"]
[Site "Polanica Zdroj"]
[Date "1988.??.??"]
[Round "2"]
[White "Chernin, Alexander"]
[Black "Borkowski, Franciszek"]
[Result "1-0"]
[WhiteElo "2565"]
[BlackElo "2410"]

1.d4 d5 2.c4 c6 3.Nc3 Nf6 4.e3 e6 5.Nf3 Nbd7 6.Bd3 dxc4 7.Bxc4 b5 8.Bd3 Bb7
9.O-O b4 10.Ne4 Nxe4 11.Bxe4 Nf6 12.Bc2 Be7 13.e4 O-O 14.e5 Nd7 15.Qd3 g6
16.Bh6 Re8 17.Qe4 Qb6 18.Qf4 c5 19.Ba4 Bc6 20.Bxc6 Qxc6 21.dxc5 Qxc5 22.Rfd1 Rad8
23.Rac1 Nb6 24.Rxd8 Rxd8 25.h4 Qd5 26.Ng5 Bxg5 27.Qxg5 f5 28.Rc7  1-0

[Event "Porz"]
[Site "Porz"]
[Date "1988.??.??"]
[Round "?"]
[White "Schulz, Klaus Juergen"]
[Black "Fleck, Juergen"]
[Result "0-1"]
[WhiteElo "2360"]
[BlackElo "2415"]

1.Nf3 Nf6 2.c4 c6 3.d4 d5 4.Nc3 e6 5.e3 Nbd7 6.Qc2 Bd6 7.Be2 O-O 8.O-O dxc4
9.Bxc4 e5 10.dxe5 Nxe5 11.Nxe5 Bxe5 12.f4 Bc7 13.Kh1 b5 14.Bd3 Bb6 15.Ne4 Nd5
16.Ng5 g6 17.Be4 Qf6 18.Bxd5 cxd5 19.Bd2 Bf5 20.Qb3 Rac8 21.Qxb5 Rc2 22.Bc3 d4
23.exd4 Bxd4 24.Qa5 Qc6 25.Nf3 Bh3  0-1

[Event "Porz"]
[Site "Porz"]
[Date "1988.??.??"]
[Round "?"]
[White "Jackelen, Thomas"]
[Black "Fleck, Juergen"]
[Result "1-0"]
[WhiteElo "2325"]
[BlackElo "2415"]

1.Nf3 Nf6 2.c4 c6 3.d4 d5 4.Nc3 e6 5.e3 Nbd7 6.Qc2 Bd6 7.Be2 O-O 8.O-O dxc4
9.Bxc4 b5 10.Be2 a6 11.a4 Bb7 12.Bd2 Qc7 13.Rac1 b4 14.Ne4 Nxe4 15.Qxe4 Qa5
16.Qh4 Qd8 17.Qh5 Qf6 18.Ng5 Qg6 19.Qxg6 hxg6 20.Bf3 Be7 21.h4 Rac8 22.a5 Rfd8
23.Rfd1 Ba8 24.Be1 c5 25.Bxa8 Rxa8 26.dxc5 Nxc5 27.Bxb4 Bxg5 28.hxg5 Nd3
29.Be7 Rd5 30.e4 Rd7 31.Rc3 Rxe7 32.Rcxd3 Rb7 33.Rd8+ Rxd8 34.Rxd8+ Kh7 35.Ra8 Rxb2
36.Rxa6 Rb5 37.f4 e5 38.g3 exf4 39.gxf4 Rb4 40.Kf2 Rxe4 41.Kf3 Ra4 42.Ra7 Kg8
43.a6 Kh8 44.Ke3 Kg8 45.Kd3 Rxf4 46.Rb7 Ra4 47.a7 Kh7 48.Rxf7 Ra1 49.Rb7 Rd1+
50.Kc4 Rd8 51.Kc5 Rc8+ 52.Kd6 Rd8+ 53.Rd7 Ra8 54.Kc6 Re8 55.Kb7 Rd8 56.Rc7 Re8  1-0

[Event "Bohemians"]
[Site "Prague"]
[Date "1988.??.??"]
[Round "?"]
[White "Danner, Georg"]
[Black "Pekarek, Ales"]
[Result "0-1"]
[WhiteElo "2425"]
[BlackElo "2440"]

1.d4 d5 2.Nf3 Nf6 3.c4 c6 4.e3 e6 5.Nc3 Nbd7 6.Bd3 dxc4 7.Bxc4 b5 8.Bd3 a6
9.e4 c5 10.d5 c4 11.dxe6 cxd3 12.exd7+ Qxd7 13.O-O Bb7 14.Re1 Be7 15.Bg5 Rd8
16.e5 Ng4 17.Bxe7 Qxe7 18.h3 d2 19.Nxd2 Nxf2 20.Kxf2 Qh4+ 21.Kg1 Qd4+ 22.Kh1 Qxd2
23.Qg4 O-O 24.Re2 Qd4 25.Qf5 Qd3 26.Qxd3 Rxd3 27.Kh2 Rfd8 28.Rae1 Rd2 29.Rxd2 Rxd2
30.Re2 Rd4 31.e6 fxe6 32.Rxe6 Rd2 33.Re2 Rxe2 34.Nxe2 Kf7 35.Nf4 Ke7 36.Kg3 Kd6
37.Kf2 g5 38.Nd3 Be4 39.Ne1 Bb1 40.a3 Kd5 41.Nf3 h6 42.Kg3 a5 43.h4 gxh4+
44.Kxh4 Bg6 45.g4 Ke4 46.Kg3 a4 47.b3 b4 48.Nd2+ Kd3 49.Nb1 bxa3 50.Nxa3 axb3
51.Kf4 b2 52.Ke5 Kc3 53.Kd5 Kb4  0-1

[Event "ROM-ch"]
[Site "Predeal"]
[Date "1988.??.??"]
[Round "8"]
[White "Marin, Mihail"]
[Black "Pavlov, Mircea"]
[Result "1-0"]
[WhiteElo "2480"]
[BlackElo "2390"]

1.d4 d5 2.c4 c6 3.Nc3 Nf6 4.e3 e6 5.Nf3 Nbd7 6.Bd3 Be7 7.O-O O-O 8.b3 b6
9.Bb2 Bb7 10.Qe2 c5 11.Rfd1 Ne4 12.cxd5 exd5 13.Qc2 f5 14.dxc5 bxc5 15.Nxe4 fxe4
16.Bxe4 dxe4 17.Ne5 Bc8 18.Qxe4 Qe8 19.Qxa8 Nxe5 20.Bxe5 Qf7 21.Qd5 Be6 22.Qd2 Qg6
23.Qe2 Bg4 24.Qc4+ Kh8 25.Rd2 h5 26.f4 Bf3 27.Qf1 Bc6 28.Rad1 Qe6 29.Qe2 h4
30.e4 Qg6 31.f5 Qg5 32.Qf3 Kg8 33.Bd6 Re8 34.Bxe7 Rxe7 35.Re2 h3 36.Qxh3 Rxe4
37.Rxe4 Bxe4 38.Qg3 Qxf5 39.Rd8+ Kh7 40.Qh4+ Kg6  1-0

[Event "Reykjavik op"]
[Site "Reykjavik"]
[Date "1988.??.??"]
[Round "?"]
[White "Gislason, Gudmundur"]
[Black "Palsson, B."]
[Result "1-0"]
[WhiteElo "2295"]
[BlackElo "2020"]

1.d4 d5 2.c4 e6 3.Nf3 Nf6 4.Nc3 c6 5.e3 Nbd7 6.Bd3 dxc4 7.Bxc4 b5 8.Bd3 a6
9.e4 c5 10.e5 cxd4 11.Nxb5 Ng4 12.Nbxd4 Ngxe5 13.Be4 Ra7 14.O-O Bc5 15.b4 Bb6
16.Bf4 Nxf3+ 17.Bxf3 Qf6 18.Rc1 Bb7 19.Bxb7 Rxb7 20.Rc8+ Bd8 21.Nc6 O-O 22.Bd6  1-0

[Event "Reykjavik op"]
[Site "Reykjavik"]
[Date "1988.??.??"]
[Round "?"]
[White "Bjarnason, Saevar"]
[Black "Bergsson, Snorri"]
[Result "1-0"]
[WhiteElo "2335"]
[BlackElo "2110"]

1.Nf3 Nf6 2.c4 e6 3.d4 d5 4.Nc3 c6 5.e3 Ne4 6.cxd5 Nxc3 7.bxc3 exd5 8.c4 dxc4
9.Bxc4 Bd6 10.O-O O-O 11.Rb1 Nd7 12.e4 Nb6 13.Be2 Re8 14.Qc2 Bf8 15.h3 h6
16.a4 a5 17.Be3 Bb4 18.Ne5 Nd7 19.Nc4 Qh4 20.e5 Nf8 21.Nb6 Rb8 22.Nxc8 Rbxc8
23.f4 Rcd8 24.Qe4 Nh7 25.Bf2 Qe7 26.Bd3 Nf8 27.Bc4 Kh8 28.Rb3 Ne6 29.Kh1 f6
30.Rf3 Qf8 31.Qg6 Qe7 32.Bd3 Nf8 33.Qh5 Rd7 34.exf6 gxf6 35.Re3 Qxe3 36.Bxe3 Rxe3
37.Qxh6+ Kg8 38.Bc4+  1-0

[Event "Reykjavik op"]
[Site "Reykjavik"]
[Date "1988.??.??"]
[Round "?"]
[White "Christiansen, Larry Mark"]
[Black "Thorsteinsson, Arnar"]
[Result "1-0"]
[WhiteElo "2575"]
[BlackElo "2100"]

1.d4 d5 2.c4 e6 3.Nf3 Nf6 4.Nc3 c6 5.e3 Nbd7 6.Bd3 dxc4 7.Bxc4 b5 8.Bd3 a6
9.e4 c5 10.e5 cxd4 11.Ne4 Bb4+ 12.Bd2 Bxd2+ 13.Qxd2 Nxe4 14.Bxe4 Rb8 15.O-O Bb7
16.Bxb7 Rxb7 17.Qxd4 O-O 18.Rfd1 Qe7 19.Rac1 Nb6 20.Rc6 Rd7 21.Rd6 Nd5 22.Rxa6 Rfd8
23.h3 h6 24.Qe4 Ra7 25.Rxa7 Qxa7 26.a3 Rc8 27.Qe1 Rc2 28.Rd2 Qc5 29.Rxc2 Qxc2
30.Qd2 Qb1+ 31.Kh2 Qe4 32.Qd4 Qc2 33.Nd2 Kf8 34.Ne4 Qa4 35.Qxa4 bxa4 36.Kg3 Nb6
37.Nc5 Ke8 38.Kf4 Kd8 39.Ke4 Kc7 40.Kd4 Kc6 41.h4 Kb5 42.Ne4 Kc6 43.h5 Nd5
44.Nc3 Nb6 45.g4 f6 46.f4 Kc7 47.exf6 gxf6 48.g5  1-0

[Event "URS-ch sf"]
[Site "Riga"]
[Date "1988.??.??"]
[Round "?"]
[White "Tukmakov, Vladimir B"]
[Black "Shabalov, Alexander"]
[Result "1-0"]
[WhiteElo "2590"]
[BlackElo "2430"]

1.d4 d5 2.c4 c6 3.Nf3 Nf6 4.Nc3 e6 5.e3 Nbd7 6.Bd3 dxc4 7.Bxc4 b5 8.Bd3 Bb7
9.e4 b4 10.Na4 c5 11.e5 Nd5 12.dxc5 Bxc5 13.Nxc5 Nxc5 14.Bb5+ Kf8 15.O-O h6
16.a3 bxa3 17.Rxa3 a6 18.Be2 g6 19.Nd2 Nf4 20.Bf3 Bxf3 21.Rxf3 Nd5 22.Nc4 Nd7
23.Qd4 Qc7 24.b3 Qa7 25.Qh4 Kg8 26.Rd1 N7b6 27.Nd6 Rh7 28.Bxh6 Qe7 29.Qxe7 Nxe7
30.Bg5 Ned5 31.Ne4 Nd7 32.Nf6+ N7xf6 33.exf6 Kf8 34.h4 Ke8 35.g4 Kd7 36.Kg2 Kc6
37.Rc1+ Kb5 38.Rd3 Rhh8 39.Kf3 Rac8 40.Rxc8 Rxc8 41.Kg3 Rh8 42.Rd4 Kc6 43.Ra4 Kb7
44.Kf3 Ka7 45.Rd4 a5 46.Ke4 Rb8 47.h5 gxh5 48.gxh5 Rxb3 49.Ke5 Rf3 50.Kd6 Rxf2
51.Rxd5  1-0

[Event "Rome"]
[Site "Rome"]
[Date "1988.??.??"]
[Round "?"]
[White "Tatai, Stefano"]
[Black "Lukacs, Peter"]
[Result "0-1"]
[WhiteElo "2380"]
[BlackElo "2490"]

1.d4 d5 2.c4 e6 3.Nf3 Nf6 4.Nc3 c6 5.e3 Nbd7 6.Qc2 Bd6 7.b3 O-O 8.Be2 dxc4
9.bxc4 e5 10.Bb2 Re8 11.O-O Qe7 12.Rfe1 b6 13.Rad1 Bb7 14.Ne4 Nxe4 15.Qxe4 Nf6
16.Qh4 exd4 17.Nxd4 Ne4 18.Qxe7 Bxe7 19.f3 Nc5 20.Nb3 Nxb3 21.axb3 Bb4 22.Rf1 Rxe3
23.Bd3 Bc5  0-1